[Event "Titled Tuesday intern op 21st Dec"]
[Site "Chess.com INT"]
[Date "2021.12.21"]
[Round "1"]
[White "Bures, Vit"]
[Black "Erdogdu, Mert"]
[Result "0-1"]
[WhiteElo "2119"]
[BlackElo "2407"]
[PlyCount "96"]
[EventDate "2021.12.21"]
[EventType "swiss (blitz)"]
[EventRounds "11"]
[EventCountry "USA"]
[SourceTitle "CBM 205 Extra"]
[Source "ChessBase"]
[SourceDate "2022.01.31"]
[SourceVersion "1"]
[SourceVersionDate "2022.01.31"]
[SourceQuality "1"]

1. d4 d5 2. c4 e6 3. Nc3 c5 4. cxd5 exd5 5. Nf3 Nc6 6. g3 Nf6 7. Bg2 Be7 8. O-O O-O 9. Bg5 cxd4 10. Nxd4 h6 11. Be3 Re8 12. Rc1 Bg4 13. h3 Be6 14. Qa4 Qd7 15. Kh2 Bd6 16. Nxe6 fxe6 17. Rfd1 Rad8 18. Nb5 Bb8 19. Nd4 Rc8 20. Nxc6 bxc6 21. b4 Kh8 22. Rc2 Qf7 23. Rxc6 Qh5 24. Bf3 Qf5 25. Rxc8 Rxc8 26. Bxa7 Bd6 27. Kg2 Ra8 28. Rc1 Ne4 29. Qa6 Qe5 30. Qb7 Rf8 31. Rc8 Rxc8 32. Qxc8+ Kh7 33. b5 Nxg3 34. fxg3 Qxg3+ 35. Kf1 Qxh3+ 36. Bg2 Qf5+ 37. Kg1 Qe5 38. Kf2 d4 39. Bf3 Qh2+ 40. Kf1 Bg3 41. Bxd4 Qh3+ 42. Kg1 Qh2+ 43. Kf1 Qh3+ 44. Kg1 Bh2+ 45. Kf2 Bg3+ 46. Ke3 Qf5 47. Qc5 Qf4+ 48. Kd3 Bf2 0-1

[Event "Titled Tuesday intern op 21st Dec"]
[Site "Chess.com INT"]
[Date "2021.12.21"]
[Round "1"]
[White "Cagara, Paulina"]
[Black "Suarez Uriel, Adrian"]
[Result "0-1"]
[WhiteElo "2045"]
[BlackElo "2343"]
[PlyCount "138"]
[EventDate "2021.12.21"]
[EventType "swiss (blitz)"]
[EventRounds "11"]
[EventCountry "USA"]
[SourceTitle "CBM 205 Extra"]
[Source "ChessBase"]
[SourceDate "2022.01.31"]
[SourceVersion "1"]
[SourceVersionDate "2022.01.31"]
[SourceQuality "1"]

1. e4 c5 2. Nc3 Nc6 3. Bb5 Nd4 4. Bc4 e6 5. Nf3 a6 6. Nxd4 cxd4 7. Ne2 Nf6 8. d3 Bc5 9. Bb3 O-O 10. O-O d6 11. f4 Ng4 12. h3 Ne3 13. Bxe3 dxe3 14. d4 Ba7 15. Qd3 Bd7 16. Kh2 a5 17. Qxe3 a4 18. Bc4 d5 19. exd5 exd5 20. Bxd5 Re8 21. Qd3 Bxh3 22. gxh3 Qxd5 23. c3 Re7 24. Ng3 Rae8 25. Rf2 Re3 26. Qf5 Qd6 27. Rg1 g6 28. Nh5 Kf8 29. Qf6 R8e6 30. Qh8+ Ke7 31. Ng7 R6e4 32. Qe8+ Kf6 33. Qh8 Ke7 34. Rg4 Kd7 35. Qa8 Qb6 36. c4 Re2 37. Rgg2 Rxf2 38. Rxf2 Kc7 39. Ne8+ Kd7 40. Nf6+ Qxf6 41. Qxb7+ Ke8 42. Qxe4+ Kf8 43. Qa8+ Kg7 44. Qxa7 Qf5 45. Qc5 Qd3 46. Qe5+ Kg8 47. Re2 h5 48. Qe8+ Kg7 49. Qe5+ Kh7 50. Qe4 Qd1 51. f5 Qf1 52. fxg6+ fxg6 53. Qe7+ Kh6 54. Qe3+ Kh7 55. Rf2 Qxc4 56. Rf7+ Qxf7 57. Kg3 Qxa2 58. Qe7+ Kh6 59. Qe5 Qxb2 60. Qf4+ Kg7 61. Qe5+ Kh6 62. Qf4+ Kg7 63. Qc7+ Kf6 64. Qe5+ Kf7 65. Kf4 Qh2+ 66. Ke4 Qxe5+ 67. Kxe5 a3 68. d5 a2 69. d6 a1=Q+ 0-1

[Event "Titled Tuesday intern op 21st Dec"]
[Site "Chess.com INT"]
[Date "2021.12.21"]
[Round "1"]
[White "Castillo Pena, Patricia Evarista"]
[Black "Postnikov, Daniil"]
[Result "0-1"]
[WhiteElo "1838"]
[BlackElo "2360"]
[PlyCount "50"]
[EventDate "2021.12.21"]
[EventType "swiss (blitz)"]
[EventRounds "11"]
[EventCountry "USA"]
[SourceTitle "CBM 205 Extra"]
[Source "ChessBase"]
[SourceDate "2022.01.31"]
[SourceVersion "1"]
[SourceVersionDate "2022.01.31"]
[SourceQuality "1"]

1. d4 Nf6 2. Nf3 c5 3. e3 g6 4. Be2 Bg7 5. O-O O-O 6. b3 b6 7. Bb2 Bb7 8. Nbd2 d6 9. c4 e6 10. Qc2 Nc6 11. a3 Rc8 12. Rac1 Qe7 13. Rfd1 Rfd8 14. Qb1 d5 15. dxc5 bxc5 16. cxd5 exd5 17. Bb5 Nb8 18. Qa1 a6 19. Bf1 Nc6 20. Ne5 Nxe5 21. Bxe5 Ne8 22. Bxg7 Nxg7 23. Bd3 Ne6 24. Nf3 d4 25. Ne5 Qg5 0-1

[Event "Titled Tuesday intern op 21st Dec"]
[Site "Chess.com INT"]
[Date "2021.12.21"]
[Round "1"]
[White "Cvetanovic, Uros"]
[Black "Osmonbekov, Talaibek D"]
[Result "1-0"]
[WhiteElo "2248"]
[BlackElo "2136"]
[PlyCount "85"]
[EventDate "2021.12.21"]
[EventType "swiss (blitz)"]
[EventRounds "11"]
[EventCountry "USA"]
[SourceTitle "CBM 205 Extra"]
[Source "ChessBase"]
[SourceDate "2022.01.31"]
[SourceVersion "1"]
[SourceVersionDate "2022.01.31"]
[SourceQuality "1"]

1. Nc3 e5 2. e4 g6 3. Bc4 Bg7 4. d3 Ne7 5. f4 Nbc6 6. Nf3 d6 7. O-O Bg4 8. h3 Bxf3 9. Qxf3 Nd4 10. Qf2 O-O 11. Be3 c6 12. fxe5 dxe5 13. Bg5 h6 14. Bf6 Qd7 15. Bxg7 Kxg7 16. Qf6+ Kh7 17. Rf2 Ng8 18. Qxe5 Rae8 19. Qg3 b5 20. Bb3 a5 21. a3 Nxb3 22. cxb3 Rd8 23. Rf3 Qd4+ 24. Kh2 b4 25. axb4 axb4 26. Na4 f6 27. Rc1 Qd6 28. Qxd6 Rxd6 29. e5 Re6 30. d4 Kg7 31. Nc5 Re7 32. e6 f5 33. Rc4 Rb8 34. Nd7 Rb7 35. Rxc6 Nf6 36. Nxf6 Kxf6 37. d5 Rb5 38. Rd3 Ke5 39. d6 Rxe6 40. d7 Rxc6 41. d8=Q Rbc5 42. Qe7+ Kf4 43. Qe3# 1-0

[Event "Titled Tuesday intern op 21st Dec"]
[Site "Chess.com INT"]
[Date "2021.12.21"]
[Round "1"]
[White "Degtiarev, Evgeny"]
[Black "Siniauski, Artsiom"]
[Result "0-1"]
[WhiteElo "2380"]
[BlackElo "2301"]
[PlyCount "74"]
[EventDate "2021.12.21"]
[EventType "swiss (blitz)"]
[EventRounds "11"]
[EventCountry "USA"]
[SourceTitle "CBM 205 Extra"]
[Source "ChessBase"]
[SourceDate "2022.01.31"]
[SourceVersion "1"]
[SourceVersionDate "2022.01.31"]
[SourceQuality "1"]

1. d4 Nf6 2. c4 e6 3. g3 d5 4. Nf3 Bb4+ 5. Nbd2 Be7 6. Bg2 O-O 7. O-O c6 8. b3 b6 9. Bb2 Bb7 10. Rc1 Nbd7 11. Qc2 Rc8 12. Rfd1 Qc7 13. Qb1 Qb8 14. cxd5 cxd5 15. Qd3 Ne4 16. Ne1 Nxd2 17. Qxd2 a5 18. Nd3 Ba6 19. e3 Nf6 20. f3 h5 21. Ne5 Bd6 22. e4 dxe4 23. fxe4 Bxe5 24. dxe5 Ng4 25. Qg5 b5 26. h3 Rxc1 27. Qxc1 Nxe5 28. Qg5 Ng6 29. Bf3 h4 30. gxh4 Qf4 31. Qxf4 Nxf4 32. Kh2 b4 33. Be5 Nd3 34. Be2 Nxe5 35. Bxa6 Ra8 36. Bb5 Rc8 37. Rd2 Nf3+ 0-1

[Event "Titled Tuesday intern op 21st Dec"]
[Site "Chess.com INT"]
[Date "2021.12.21"]
[Round "1"]
[White "Demchenko, Anton"]
[Black "Kakabayaev, Mergen"]
[Result "0-1"]
[WhiteElo "2654"]
[BlackElo "2285"]
[PlyCount "106"]
[EventDate "2021.12.21"]
[EventType "swiss (blitz)"]
[EventRounds "11"]
[EventCountry "USA"]
[SourceTitle "CBM 205 Extra"]
[Source "ChessBase"]
[SourceDate "2022.01.31"]
[SourceVersion "1"]
[SourceVersionDate "2022.01.31"]
[SourceQuality "1"]

1. e4 e5 2. Nf3 Nc6 3. Bc4 Nf6 4. d3 Bc5 5. O-O d6 6. Nbd2 a6 7. c3 Ba7 8. a4 O-O 9. h3 Ne7 10. Re1 Ng6 11. d4 exd4 12. cxd4 d5 13. exd5 Nxd5 14. a5 h6 15. Ne4 Re8 16. Bd2 Bf5 17. Nc5 Rxe1+ 18. Bxe1 Rb8 19. Qb3 c6 20. Bxd5 Qxd5 21. Qxd5 cxd5 22. Bd2 Be4 23. Nh2 Bxc5 24. dxc5 Ne7 25. b4 Nc6 26. f3 Bd3 27. Re1 Rd8 28. Kf2 d4 29. g4 f6 30. f4 Kf7 31. Nf3 Bc4 32. f5 Bd5 33. Nh4 Ne5 34. Kg3 d3 35. Re3 Bc6 36. Ng6 Nc4 37. Re7+ Kg8 38. Bf4 d2 39. Bxd2 Nxd2 40. Rc7 Kh7 41. Ne7 Bh1 42. Ng6 Nb3 43. h4 Nd4 44. h5 Nc6 45. Kh4 Nxb4 46. Nf4 Nd5 47. Ne6 Nxc7 48. Nxd8 Bc6 49. Kg3 Kg8 50. Kf4 Kf8 51. Ke3 Ke7 52. Nxc6+ bxc6 53. Kd4 Nd5 0-1

[Event "Titled Tuesday intern op 21st Dec"]
[Site "Chess.com INT"]
[Date "2021.12.21"]
[Round "1"]
[White "Derraugh, Geordie"]
[Black "Salinas Herrera, Pablo Patricio"]
[Result "0-1"]
[WhiteElo "2209"]
[BlackElo "2513"]
[PlyCount "96"]
[EventDate "2021.12.21"]
[EventType "swiss (blitz)"]
[EventRounds "11"]
[EventCountry "USA"]
[SourceTitle "CBM 205 Extra"]
[Source "ChessBase"]
[SourceDate "2022.01.31"]
[SourceVersion "1"]
[SourceVersionDate "2022.01.31"]
[SourceQuality "1"]

1. e4 c5 2. c3 e6 3. d4 d5 4. exd5 exd5 5. Nf3 Nc6 6. Bb5 Bd6 7. O-O Nge7 8. dxc5 Bxc5 9. Bg5 O-O 10. Nbd2 Bf5 11. Re1 Qb6 12. Qe2 Ng6 13. Bxc6 bxc6 14. b4 Bd6 15. Nd4 Bd7 16. a4 a5 17. b5 c5 18. N4f3 Qc7 19. Qd3 Be6 20. Be3 h6 21. Bxh6 Rfe8 22. Be3 Ne7 23. Bg5 Bf5 24. Qe2 f6 25. Bh4 Ng6 26. Qxe8+ Rxe8 27. Rxe8+ Kf7 28. Ra8 Nxh4 29. Nxh4 Bxh2+ 30. Kh1 Bc2 31. b6 Qxb6 32. Kxh2 g5 33. Nhf3 Qb2 34. Re1 Qxc3 35. Ra7+ Kg6 36. Ree7 Kf5 37. Nf1 d4 38. Ng3+ Kg6 39. Rh7 f5 40. Nh5 f4 41. Rag7+ Kf5 42. Re7 d3 43. Rhf7+ Kg6 44. Rg7+ Kxh5 45. Rxg5+ Kh6 46. Re6+ Kh7 47. Nh4 d2 48. Re7+ Kh6 0-1

[Event "Titled Tuesday intern op 21st Dec"]
[Site "Chess.com INT"]
[Date "2021.12.21"]
[Round "1"]
[White "Devaev, Alexander"]
[Black "Fabris, Alberto"]
[Result "1-0"]
[WhiteElo "2325"]
[BlackElo "2230"]
[PlyCount "97"]
[EventDate "2021.12.21"]
[EventType "swiss (blitz)"]
[EventRounds "11"]
[EventCountry "USA"]
[SourceTitle "CBM 205 Extra"]
[Source "ChessBase"]
[SourceDate "2022.01.31"]
[SourceVersion "1"]
[SourceVersionDate "2022.01.31"]
[SourceQuality "1"]

1. d4 Nf6 2. c4 e6 3. Nf3 d5 4. Nc3 c6 5. cxd5 exd5 6. Bg5 Be7 7. Bxf6 Bxf6 8. e3 O-O 9. Bd3 Nd7 10. Qc2 h6 11. O-O Re8 12. b4 a6 13. a4 Nf8 14. h3 Ne6 15. Rfd1 Ng5 16. Nxg5 Bxg5 17. b5 axb5 18. axb5 Bd7 19. bxc6 Bxc6 20. Rab1 Qa5 21. Qb3 Be7 22. Ne2 Bd6 23. Bb5 Qa3 24. Qxa3 Rxa3 25. Bxc6 bxc6 26. Rdc1 Rc8 27. Nc3 Rc7 28. g3 Kh7 29. Kg2 Kg6 30. Rb6 f6 31. Rc2 Kf7 32. Nb1 Ra1 33. Nd2 Rd1 34. Nf3 Ke6 35. Rbxc6 Rxc6 36. Rxc6 Ra1 37. Rc2 Ra3 38. g4 Rb3 39. Nh4 Bb8 40. Nf5 Kf7 41. Rc5 Rb2 42. Rxd5 g6 43. Nh4 Ke6 44. Ra5 Kf7 45. Rd5 Ke6 46. Rd8 Kf7 47. Rd7+ Ke6 48. Rh7 h5 49. Nxg6 1-0

[Event "Titled Tuesday intern op 21st Dec"]
[Site "Chess.com INT"]
[Date "2021.12.21"]
[Round "1"]
[White "Dilmukhametov, Artur"]
[Black "Agibileg, Uurtsaikh"]
[Result "0-1"]
[WhiteElo "2293"]
[BlackElo "2440"]
[PlyCount "82"]
[EventDate "2021.12.21"]
[EventType "swiss (blitz)"]
[EventRounds "11"]
[EventCountry "USA"]
[SourceTitle "CBM 205 Extra"]
[Source "ChessBase"]
[SourceDate "2022.01.31"]
[SourceVersion "1"]
[SourceVersionDate "2022.01.31"]
[SourceQuality "1"]

1. e4 c5 2. f4 a6 3. Nf3 b5 4. a4 Bb7 5. d3 e6 6. Be2 Nf6 7. O-O d5 8. e5 Nfd7 9. axb5 axb5 10. Rxa8 Bxa8 11. f5 Be7 12. fxe6 fxe6 13. Nc3 b4 14. Nb5 O-O 15. c4 Nc6 16. Qe1 Ndxe5 17. Nxe5 Nxe5 18. Qg3 Rxf1+ 19. Bxf1 Bf6 20. Bf4 Ng6 21. Bc7 Qd7 22. Bb6 Be5 23. Qe1 Qc6 24. Qa1 Bxb2 25. Qxb2 Qxb6 26. Qa1 Bb7 27. Be2 d4 28. Bg4 Ne5 29. Qa7 Qxa7 30. Bxe6+ Kf8 31. Nxa7 Nxd3 32. Nb5 Be4 33. Kf1 b3 34. Na3 b2 35. g3 Ne5 36. Ke2 b1=Q 37. Nxb1 Bxb1 38. Bd5 Bd3+ 39. Kd2 Bxc4 40. Bh1 Be6 41. Be4 c4 0-1

[Event "Titled Tuesday intern op 21st Dec"]
[Site "Chess.com INT"]
[Date "2021.12.21"]
[Round "1"]
[White "Dogan, Mire Deniz"]
[Black "Budrewicz, Krzysztof"]
[Result "0-1"]
[WhiteElo "1987"]
[BlackElo "2183"]
[PlyCount "52"]
[EventDate "2021.12.21"]
[EventType "swiss (blitz)"]
[EventRounds "11"]
[EventCountry "USA"]
[SourceTitle "CBM 205 Extra"]
[Source "ChessBase"]
[SourceDate "2022.01.31"]
[SourceVersion "1"]
[SourceVersionDate "2022.01.31"]
[SourceQuality "1"]

1. d4 Nf6 2. c4 g6 3. Nc3 Bg7 4. e4 d6 5. f3 O-O 6. Be3 Nc6 7. Qd2 a6 8. g4 e5 9. d5 Nd4 10. h4 h5 11. g5 Nd7 12. O-O-O b5 13. Bd3 Nc5 14. Kb1 b4 15. Nce2 a5 16. Nxd4 exd4 17. Bf2 f5 18. Be2 fxe4 19. Bxd4 Bxd4 20. Qxd4 Bf5 21. f4 a4 22. Nh3 e3+ 23. Kc1 Qe7 24. Ng1 Nb3+ 25. axb3 axb3 26. Qxe3 Qxe3+ 0-1

[Event "Titled Tuesday intern op 21st Dec"]
[Site "Chess.com INT"]
[Date "2021.12.21"]
[Round "1"]
[White "Dudzinski, Pawel"]
[Black "Stoleriu, George"]
[Result "0-1"]
[WhiteElo "2193"]
[BlackElo "2419"]
[PlyCount "82"]
[EventDate "2021.12.21"]
[EventType "swiss (blitz)"]
[EventRounds "11"]
[EventCountry "USA"]
[SourceTitle "CBM 205 Extra"]
[Source "ChessBase"]
[SourceDate "2022.01.31"]
[SourceVersion "1"]
[SourceVersionDate "2022.01.31"]
[SourceQuality "1"]

1. e4 e6 2. d4 d5 3. Nd2 Be7 4. Ngf3 Nf6 5. Bd3 c5 6. dxc5 a5 7. O-O O-O 8. c3 Na6 9. exd5 Qxd5 10. Bc4 Qxc5 11. Qe2 Qc7 12. Nb3 Nc5 13. Nbd4 Bd7 14. Bg5 Rac8 15. Bb5 Bxb5 16. Qxb5 Nce4 17. Bh4 Nd6 18. Qb3 Nfe4 19. Bxe7 Qxe7 20. Rfe1 Rfd8 21. Rad1 Nc5 22. Qc2 Qf6 23. Ne5 g6 24. Ng4 Qg7 25. Qc1 h5 26. Ne3 b5 27. Nb3 Nxb3 28. axb3 Ne4 29. Rxd8+ Rxd8 30. Rd1 Rxd1+ 31. Qxd1 b4 32. Qd8+ Kh7 33. Qxa5 bxc3 34. bxc3 Nxc3 35. h3 Ne2+ 36. Kh2 Qf6 37. Nd1 Qd4 38. Qe1 Qe5+ 39. g3 Qb5 40. Ne3 Nd4 41. b4 Nf3+ 0-1

[Event "Titled Tuesday intern op 21st Dec"]
[Site "Chess.com INT"]
[Date "2021.12.21"]
[Round "1"]
[White "Dylag, Emilia"]
[Black "Shuvalova, Polina"]
[Result "1-0"]
[WhiteElo "1956"]
[BlackElo "2516"]
[PlyCount "65"]
[EventDate "2021.12.21"]
[EventType "swiss (blitz)"]
[EventRounds "11"]
[EventCountry "USA"]
[SourceTitle "CBM 205 Extra"]
[Source "ChessBase"]
[SourceDate "2022.01.31"]
[SourceVersion "1"]
[SourceVersionDate "2022.01.31"]
[SourceQuality "1"]

1. d4 d5 2. c4 e6 3. Nc3 c5 4. cxd5 exd5 5. e3 Nf6 6. Nf3 Nc6 7. Be2 c4 8. O-O Bb4 9. Qc2 O-O 10. b3 Bxc3 11. Qxc3 b5 12. bxc4 bxc4 13. Ne5 Ne4 14. Qe1 Nxe5 15. dxe5 Be6 16. Ba3 Re8 17. f3 Ng5 18. h4 Qb6 19. Qf2 Ne4 20. fxe4 dxe4 21. Qf4 Qc6 22. Rad1 c3 23. Bh5 g6 24. Be2 c2 25. Rc1 Rac8 26. Bd6 Bxa2 27. Bg4 Ra8 28. e6 f5 29. Bxf5 Rf8 30. Bxf8 Rxf8 31. e7 Re8 32. Bxg6 Rxe7 33. Qf8# 1-0

[Event "Titled Tuesday intern op 21st Dec"]
[Site "Chess.com INT"]
[Date "2021.12.21"]
[Round "1"]
[White "Einarsson, Halldor Gretar"]
[Black "Hamley, Ryan"]
[Result "0-1"]
[WhiteElo "2207"]
[BlackElo "2077"]
[PlyCount "82"]
[EventDate "2021.12.21"]
[EventType "swiss (blitz)"]
[EventRounds "11"]
[EventCountry "USA"]
[SourceTitle "CBM 205 Extra"]
[Source "ChessBase"]
[SourceDate "2022.01.31"]
[SourceVersion "1"]
[SourceVersionDate "2022.01.31"]
[SourceQuality "1"]

1. d4 d5 2. Nf3 e6 3. g3 Nf6 4. Bg2 Be7 5. c4 O-O 6. O-O dxc4 7. Ne5 Nbd7 8. Nxc4 Nb6 9. Na5 c6 10. a3 Qc7 11. Qc2 Rd8 12. Bf4 Bd6 13. Bxd6 Rxd6 14. Rd1 h6 15. Nc3 Rd8 16. e4 Bd7 17. b4 Rab8 18. Nb5 Qc8 19. Nxa7 Qc7 20. Nb5 Qc8 21. Nd6 Qc7 22. e5 Nfd5 23. Rac1 Be8 24. b5 Nc8 25. Nxc8 Rbxc8 26. Bxd5 Qxa5 27. Ba2 Qxb5 28. Rb1 Qa6 29. Rb3 c5 30. Bb1 g6 31. dxc5 Rxd1+ 32. Qxd1 Ba4 33. Bxg6 fxg6 34. Qg4 Bxb3 35. Qxg6+ Kf8 36. Qf6+ Ke8 37. Qh8+ Kd7 38. Qg7+ Kc6 39. Qe7 Kb5 40. Qd7+ Rc6 41. Qd3+ Bc4 0-1

[Event "Titled Tuesday intern op 21st Dec"]
[Site "Chess.com INT"]
[Date "2021.12.21"]
[Round "1"]
[White "Elgersma, Onno"]
[Black "Sarana, Alexey"]
[Result "0-1"]
[WhiteElo "2282"]
[BlackElo "2666"]
[PlyCount "78"]
[EventDate "2021.12.21"]
[EventType "swiss (blitz)"]
[EventRounds "11"]
[EventCountry "USA"]
[SourceTitle "CBM 205 Extra"]
[Source "ChessBase"]
[SourceDate "2022.01.31"]
[SourceVersion "1"]
[SourceVersionDate "2022.01.31"]
[SourceQuality "1"]

1. e4 c5 2. Nf3 d6 3. Bb5+ Nd7 4. d4 cxd4 5. Qxd4 a6 6. Bxd7+ Qxd7 7. Nc3 Qc6 8. O-O e5 9. Qd3 Be6 10. Nd5 Rc8 11. c3 Ne7 12. Rd1 Qc4 13. Qxc4 Rxc4 14. Nd2 Rc8 15. Nxe7 Bxe7 16. Nf1 f5 17. exf5 Bxf5 18. Ne3 Be6 19. Nd5 Bd8 20. Be3 Rf8 21. Rd2 Rc4 22. Rad1 b5 23. Nb4 Be7 24. Nxa6 d5 25. a3 Kf7 26. Nb4 Bxb4 27. axb4 Ra8 28. Rf1 g6 29. f4 e4 30. Bd4 h5 31. Kf2 Bg4 32. Ke3 Ke6 33. h3 Bf5 34. Rg1 h4 35. Rdd1 Rc6 36. Ra1 Rca6 37. Rxa6+ Rxa6 38. Rb1 Ra2 39. Kd2 e3+ 0-1

[Event "Titled Tuesday intern op 21st Dec"]
[Site "Chess.com INT"]
[Date "2021.12.21"]
[Round "1"]
[White "Escalante Ramirez, Brian Sebastian"]
[Black "Ruiz Aguilar, Pablo Alexander"]
[Result "1-0"]
[WhiteElo "2469"]
[BlackElo "2171"]
[PlyCount "55"]
[EventDate "2021.12.21"]
[EventType "swiss (blitz)"]
[EventRounds "11"]
[EventCountry "USA"]
[SourceTitle "CBM 205 Extra"]
[Source "ChessBase"]
[SourceDate "2022.01.31"]
[SourceVersion "1"]
[SourceVersionDate "2022.01.31"]
[SourceQuality "1"]

1. e4 c5 2. Nf3 e6 3. d4 cxd4 4. Nxd4 a6 5. Bd3 Nf6 6. O-O d6 7. c4 Be7 8. Nc3 O-O 9. Be3 Nbd7 10. f4 Qc7 11. f5 Ne5 12. Rc1 Bd7 13. Kh1 Rac8 14. b3 Qb8 15. Bg1 b5 16. cxb5 axb5 17. fxe6 fxe6 18. Bxb5 Bxb5 19. Ndxb5 Nxe4 20. Rxf8+ Bxf8 21. Nxe4 Rxc1 22. Qxc1 Qxb5 23. Qc8 Nd7 24. Nxd6 Qd5 25. Qxd7 Bxd6 26. a4 Qxb3 27. Qxd6 Qxa4 28. Qxe6+ 1-0

[Event "Titled Tuesday intern op 21st Dec"]
[Site "Chess.com INT"]
[Date "2021.12.21"]
[Round "1"]
[White "Estrada Nieto, Julian"]
[Black "Gaehwiler, Gabriel"]
[Result "0-1"]
[WhiteElo "2253"]
[BlackElo "2400"]
[PlyCount "40"]
[EventDate "2021.12.21"]
[EventType "swiss (blitz)"]
[EventRounds "11"]
[EventCountry "USA"]
[SourceTitle "CBM 205 Extra"]
[Source "ChessBase"]
[SourceDate "2022.01.31"]
[SourceVersion "1"]
[SourceVersionDate "2022.01.31"]
[SourceQuality "1"]

1. e4 c6 2. d4 d6 3. Nc3 Nd7 4. Nf3 e5 5. a4 a5 6. Bc4 Be7 7. dxe5 dxe5 8. Ng5 Nh6 9. Bxf7+ Nxf7 10. Ne6 Qb6 11. Nxg7+ Kd8 12. Qh5 Rf8 13. Ne6+ Ke8 14. Ng7+ Kd8 15. Ne6+ Ke8 16. Nxf8 Nxf8 17. O-O Be6 18. Rb1 Rd8 19. Be3 Qb4 20. Qxe5 Nxe5 0-1

[Event "Titled Tuesday intern op 21st Dec"]
[Site "Chess.com INT"]
[Date "2021.12.21"]
[Round "1"]
[White "Eynullayev, Atilla Elshan"]
[Black "Savchenko, Boris"]
[Result "0-1"]
[WhiteElo "2324"]
[BlackElo "2535"]
[PlyCount "101"]
[EventDate "2021.12.21"]
[EventType "swiss (blitz)"]
[EventRounds "11"]
[EventCountry "USA"]
[SourceTitle "CBM 205 Extra"]
[Source "ChessBase"]
[SourceDate "2022.01.31"]
[SourceVersion "1"]
[SourceVersionDate "2022.01.31"]
[SourceQuality "1"]

1. e4 c5 2. Nf3 d6 3. d4 cxd4 4. Nxd4 Nf6 5. Nc3 a6 6. Be3 Ng4 7. Bc1 Nf6 8. Be3 Ng4 9. Bc1 h6 10. Be2 Ne5 11. f4 Nec6 12. Be3 Nxd4 13. Qxd4 e5 14. Qd2 exf4 15. Bxf4 Nc6 16. O-O-O Be6 17. Bxd6 Bxd6 18. Qxd6 Qg5+ 19. Kb1 Rd8 20. Qc7 O-O 21. Qxb7 Nd4 22. Bxa6 Qa5 23. Rxd4 Rxd4 24. Qb5 Qd8 25. Qc5 Rd2 26. a4 Rxg2 27. Nd5 Qh4 28. Bb7 Rb8 29. Qc7 Rxb7 30. Qxb7 Kh7 31. a5 Qf2 32. Qc6 f5 33. Rc1 Bf7 34. a6 fxe4 35. Qb7 Rg1 36. Rxg1 Qxg1+ 37. Ka2 Qf2 38. Kb1 e3 39. a7 Qf1+ 40. Ka2 Qc4+ 41. b3 Bxd5 42. a8=Q Qxc2+ 43. Ka3 Qc1+ 44. Kb4 Qd2+ 45. Kb5 Qd3+ 46. Ka4 Bxb7 47. Qxb7 e2 48. Qe7 Qc2 49. Ka3 Qc1+ 50. Ka4 e1=Q 51. Qf7 0-1

[Event "Titled Tuesday intern op 21st Dec"]
[Site "Chess.com INT"]
[Date "2021.12.21"]
[Round "1"]
[White "Faizrakhmanov, Ramil"]
[Black "Loy, Konstantin"]
[Result "0-1"]
[WhiteElo "2480"]
[BlackElo "2268"]
[PlyCount "118"]
[EventDate "2021.12.21"]
[EventType "swiss (blitz)"]
[EventRounds "11"]
[EventCountry "USA"]
[SourceTitle "CBM 205 Extra"]
[Source "ChessBase"]
[SourceDate "2022.01.31"]
[SourceVersion "1"]
[SourceVersionDate "2022.01.31"]
[SourceQuality "1"]

1. e4 c5 2. Nf3 d6 3. d4 cxd4 4. Nxd4 Nf6 5. Nc3 g6 6. Be3 Bg7 7. f3 O-O 8. Bc4 Nc6 9. Qd2 Bd7 10. O-O-O Ne5 11. Bb3 Qa5 12. Kb1 Rfc8 13. h4 Nc4 14. Bxc4 Rxc4 15. h5 Rxc3 16. Qxc3 Qxc3 17. bxc3 Nxh5 18. g4 Nf6 19. Nb3 Bb5 20. Rd2 b6 21. Bd4 Rc8 22. Rdh2 h5 23. Bxf6 Bxf6 24. gxh5 Rxc3 25. hxg6 fxg6 26. Rg2 Rxf3 27. Rxg6+ Kf7 28. Rgg1 Bc6 29. Re1 Rf4 30. Nd2 Bc3 31. Kc1 Rf2 32. Ref1 Bxd2+ 33. Kd1 Be3 34. Rxf2+ Bxf2 35. Rf1 Bxe4 36. Rxf2+ Ke6 37. Rf8 Kd7 38. Kd2 Bd5 39. a3 a5 40. c3 e5 41. Ke3 Kc7 42. Re8 Kc6 43. Rb8 Be6 44. Ke4 Bd5+ 45. Kf5 Bc4 46. Kf6 b5 47. Ra8 a4 48. Kf5 Kd5 49. Rd8 Bd3+ 50. Kf6 e4 51. Kf5 e3+ 52. Kf4 e2 53. Re8 Kc4 54. Kf3 Kxc3 55. Kf2 Kb3 56. Rd8 Bc4 57. Rxd6 Kxa3 58. Ke1 Kb2 59. Kd2 a3 0-1

[Event "Titled Tuesday intern op 21st Dec"]
[Site "Chess.com INT"]
[Date "2021.12.21"]
[Round "1"]
[White "Findlay, Ian T"]
[Black "Lugovskoy, Maxim"]
[Result "1-0"]
[WhiteElo "2156"]
[BlackElo "2423"]
[PlyCount "79"]
[EventDate "2021.12.21"]
[EventType "swiss (blitz)"]
[EventRounds "11"]
[EventCountry "USA"]
[SourceTitle "CBM 205 Extra"]
[Source "ChessBase"]
[SourceDate "2022.01.31"]
[SourceVersion "1"]
[SourceVersionDate "2022.01.31"]
[SourceQuality "1"]

1. e4 e6 2. d4 d5 3. Nd2 Nc6 4. Ngf3 Nf6 5. e5 Nd7 6. Be2 f6 7. exf6 Qxf6 8. Nf1 h6 9. Ne3 Bd6 10. O-O O-O 11. c4 Kh8 12. cxd5 exd5 13. Nxd5 Qf7 14. Nc3 Nf6 15. Nb5 Bg4 16. Nxd6 cxd6 17. h3 Bh5 18. Bf4 Ne4 19. Bh2 Rae8 20. d5 Nd8 21. Ng5 hxg5 22. Bxh5 g6 23. Bf3 Qf5 24. Bxe4 Rxe4 25. Bxd6 Rfe8 26. Bg3 Nf7 27. d6 g4 28. hxg4 Rxg4 29. Re1 Rd8 30. Re7 Kg8 31. Qb3 Kf8 32. Rae1 b6 33. Qc3 Rg5 34. d7 Kg8 35. Re8+ Kh7 36. Rxd8 Rxg3 37. Qxg3 Nxd8 38. Qh4+ Kg7 39. Qxd8 Qe4 40. Rxe4 1-0

[Event "Titled Tuesday intern op 21st Dec"]
[Site "Chess.com INT"]
[Date "2021.12.21"]
[Round "1"]
[White "Florescu, Codrut Constantin"]
[Black "Ocelak, Jakub"]
[Result "1-0"]
[WhiteElo "2285"]
[BlackElo "2210"]
[PlyCount "63"]
[EventDate "2021.12.21"]
[EventType "swiss (blitz)"]
[EventRounds "11"]
[EventCountry "USA"]
[SourceTitle "CBM 205 Extra"]
[Source "ChessBase"]
[SourceDate "2022.01.31"]
[SourceVersion "1"]
[SourceVersionDate "2022.01.31"]
[SourceQuality "1"]

1. d4 Nf6 2. c4 g6 3. Nc3 Bg7 4. e4 O-O 5. Nf3 d6 6. Be2 Bg4 7. Be3 Nc6 8. d5 Nb8 9. Qd2 e6 10. h3 Bxf3 11. Bxf3 exd5 12. cxd5 Nbd7 13. O-O Re8 14. Rac1 Nb6 15. b3 a6 16. Bg5 Qe7 17. Rfe1 Qf8 18. g3 Nfd7 19. Bg2 Nc5 20. b4 Ncd7 21. a4 Nc4 22. Qe2 Nce5 23. a5 c5 24. dxc6 bxc6 25. Red1 h6 26. Be3 Nf6 27. Na4 d5 28. Nb6 Rad8 29. exd5 Nxd5 30. Nxd5 cxd5 31. Bc5 Rd6 32. Rxd5 1-0